Nền giáo dục mới can đảm AI sẽ tạo nên cuộc cách mạng giáo dục như thế nào? (Và tại sao điều đó lại tốt đẹp?)

Theo tác giả, việc chấp nhận sử dụng Al trong giáo dục không phải để thay thế cho tương tác giữa người với người mà là để nâng tầm nó lên với những công cụ học tập được tùy chỉnh và dễ tiếp cận, khuyến khích phát triển kỹ năng gia...

ver descrição completa

Na minha lista:
Detalhes bibliográficos
Autor principal: Khan, Salman
Outros Autores: Diệu Như (dịch)
Formato: Livro
Idioma:Vietnamese
Publicado em: H. Dân Trí 2024
Assuntos:
Tags: Adicionar Tag
Sem tags, seja o primeiro a adicionar uma tag!
Thư viện lưu trữ: Thư viện Trường Đại học Nam Cần Thơ
LEADER 02693nam a22003137a 4500
001 NCT_4_017591
008 250312b xxu||||| |||| 00| 0 vie d
999 |c 8842  |d 8842 
020 |a 9786044059273  |c 139000 
082 |2 23rd ed.  |a 006.3  |b K233 
100 1 |a Khan, Salman 
245 1 0 |a Nền giáo dục mới can đảm   |b  AI sẽ tạo nên cuộc cách mạng giáo dục như thế nào? (Và tại sao điều đó lại tốt đẹp?)  |c Salman Khan ; Diệu Như (dịch) 
260 |a H.  |b Dân Trí  |c 2024 
300 |a 255 tr.  |c 24 cm. 
520 3 |a Theo tác giả, việc chấp nhận sử dụng Al trong giáo dục không phải để thay thế cho tương tác giữa người với người mà là để nâng tầm nó lên với những công cụ học tập được tùy chỉnh và dễ tiếp cận, khuyến khích phát triển kỹ năng giải quyết vấn đề. 
653 |a Công nghệ Thông tin 
700 0 |a Diệu Như  |e dịch 
942 |2 ddc  |c BK 
952 |0 0  |1 0  |2 ddc  |4 0  |6 006_300000000000000_K233  |7 0  |9 30450  |a 000001  |b 000001  |d 2025-03-12  |l 2  |o 006.3 K233  |p MD.23590  |r 2025-04-09  |s 2025-04-09  |v 139000.00  |w 2025-03-12  |y BK 
952 |0 0  |1 0  |2 ddc  |4 0  |6 006_300000000000000_K233  |7 0  |9 30451  |a 000001  |b 000001  |d 2025-03-12  |o 006.3 K233  |p MD.23591  |r 2025-03-12  |v 139000.00  |w 2025-03-12  |y BK 
952 |0 0  |1 0  |2 ddc  |4 0  |6 006_300000000000000_K233  |7 0  |9 30452  |a 000001  |b 000001  |d 2025-03-12  |o 006.3 K233  |p MD.23592  |r 2025-03-12  |v 139000.00  |w 2025-03-12  |y BK 
952 |0 0  |1 0  |2 ddc  |4 0  |6 006_300000000000000_K233  |7 0  |9 30453  |a 000001  |b 000001  |d 2025-03-12  |o 006.3 K233  |p MD.23593  |r 2025-03-12  |v 139000.00  |w 2025-03-12  |y BK 
952 |0 0  |1 0  |2 ddc  |4 0  |6 006_300000000000000_K233  |7 0  |9 30454  |a 000001  |b 000001  |d 2025-03-12  |o 006.3 K233  |p MD.23594  |r 2025-03-12  |v 139000.00  |w 2025-03-12  |y BK 
952 |0 0  |1 0  |2 ddc  |4 0  |6 006_300000000000000_K233  |7 0  |9 30455  |a 000001  |b 000001  |d 2025-03-12  |o 006.3 K233  |p MD.23595  |r 2025-03-12  |v 139000.00  |w 2025-03-12  |y BK 
952 |0 0  |1 0  |2 ddc  |4 0  |6 006_300000000000000_K233  |7 0  |9 30456  |a 000001  |b 000001  |d 2025-03-12  |o 006.3 K233  |p MD.23596  |r 2025-03-12  |v 139000.00  |w 2025-03-12  |y BK 
952 |0 0  |1 0  |2 ddc  |4 0  |6 006_300000000000000_K233  |7 0  |9 30457  |a 000001  |b 000001  |d 2025-03-12  |o 006.3 K233  |p MD.23597  |r 2025-03-12  |v 139000.00  |w 2025-03-12  |y BK 
952 |0 0  |1 0  |2 ddc  |4 0  |6 006_300000000000000_K233  |7 0  |9 30458  |a 000001  |b 000001  |d 2025-03-12  |o 006.3 K233  |p MD.23598  |r 2025-03-12  |v 139000.00  |w 2025-03-12  |y BK 
952 |0 0  |1 0  |2 ddc  |4 0  |6 006_300000000000000_K233  |7 0  |9 30459  |a 000001  |b 000001  |d 2025-03-12  |o 006.3 K233  |p MD.23599  |r 2025-03-12  |v 139000.00  |w 2025-03-12  |y BK 
980 |a Thư viện Trường Đại học Nam Cần Thơ